[Event "BEL-ch U18"]
[Site "Blankenberge"]
[Date "2015.04.16"]
[Round "7"]
[White "Breuer, Max"]
[Black "Beheydt, Dries"]
[Result "1-0"]
[WhiteElo "1302"]
[BlackElo "1434"]
[PlyCount "47"]
[EventDate "2015.04.12"]
[EventType "swiss"]
[EventRounds "9"]
[EventCountry "BEL"]
[SourceTitle "CBM 166 Extra"]
[Source "ChessBase"]
[SourceDate "2015.06.18"]
[SourceVersion "1"]
[SourceVersionDate "2015.06.18"]
[SourceQuality "1"]

1. d4 d5 2. c4 e6 3. Nc3 Nf6 4. cxd5 exd5 5. Bg5 Be7 6. e3 0-0 7. Bd3 Nc6 8. a3 Bg4 9. Nge2 Qd7 10. 0-0 Rad8 11. f3 Bf5 12. Nf4 Be6 13. Nxe6 Qxe6 14. Re1 Rfe8 15. Qc2 h6 16. Bf5 Nxd4 17. exd4 Qb6 18. Be3 Bd6 19. Bf2 c5 20. dxc5 Bxc5 21. Kf1 g6 22. Rxe8+ Nxe8 23. Bd3 Nc7 24. Na4 1-0

[Event "BEL-ch U18"]
[Site "Blankenberge"]
[Date "2015.04.15"]
[Round "6"]
[White "Veestraeten, Bram"]
[Black "Breuer, Max"]
[Result "1-0"]
[WhiteElo "1635"]
[BlackElo "1302"]
[PlyCount "41"]
[EventDate "2015.04.12"]
[EventType "swiss"]
[EventRounds "9"]
[EventCountry "BEL"]
[SourceTitle "CBM 166 Extra"]
[Source "ChessBase"]
[SourceDate "2015.06.18"]
[SourceVersion "1"]
[SourceVersionDate "2015.06.18"]
[SourceQuality "1"]

1. e4 c5 2. Nc3 Nc6 3. f4 d6 4. Bb5 Bd7 5. Bxc6 Bxc6 6. Nf3 g6 7. d3 Bg7 8. 0-0 e6 9. Qe1 Ne7 10. a3 0-0 11. Qh4 Re8 12. Ng5 h6 13. Nf3 d5 14. f5 exf5 15. Bxh6 fxe4 16. Bxg7 Kxg7 17. Ng5 Rh8 18. Rxf7+ Kg8 19. Rh7 Rxh7 20. Qxh7+ Kf8 21. Qf7# 1-0

[Event "BEL-ch U16"]
[Site "Blankenberge"]
[Date "2014.04.16"]
[Round "6"]
[White "Koetters, Marcel"]
[Black "Breuer, Max"]
[Result "1-0"]
[WhiteElo "1231"]
[BlackElo "1332"]
[PlyCount "45"]
[EventDate "2014.04.??"]
[EventType "swiss"]
[EventRounds "9"]
[EventCountry "BEL"]
[SourceTitle "EXT 2015"]
[Source "ChessBase"]
[SourceDate "2014.11.20"]
[SourceVersion "1"]
[SourceVersionDate "2014.11.20"]
[SourceQuality "1"]

1. e4 c5 2. Nf3 Nc6 3. d4 cxd4 4. Nxd4 g6 5. Nc3 Bg7 6. Be3 Nf6 7. Bc4 0-0 8. Bb3 a6 9. Qd2 Qc7 10. 0-0-0 b5 11. Nd5 Nxd5 12. Bxd5 Bb7 13. h4 Rac8 14. Bb3 d6 15. h5 Nxd4 16. Bxd4 a5 17. Bxg7 Kxg7 18. hxg6 fxg6 19. Qh6+ Kf6 20. Qh4+ Ke5 21. Qg5+ Kxe4 22. Rh4+ Rf4 23. Rxf4# 1-0